000 00311nam a22001457a 4500
008 210224b ||||| |||| 00| 0 eng d
020 _a9780070468146
041 _aeng
080 _213th
_a330
082 _a330
100 _a52
101 _aMIKRO
245 _aEconomics
_cMcCONNELL,C. R
942 _2udc
_cBK
999 _c55126
_d55126